Six Letter Words A-Z - Statistics

General Stats
  • This quiz has been taken 97 times
    88 since last reset
  • The average score is 14 of 26
Answer Stats
letter clue word % Correct
U one of a kind unique
90%
K Mr Han trained this kid karate
87%
G Italian ice cream gelato
86%
J advertising music jingle
81%
S three examples are Moe, Larry and Curly stooge
78%
L group of competing sports teams league
74%
D small boat dinghy
72%
H small village hamlet
72%
N dust cloud in outer space nebula
68%
Q South American grain quinoa
65%
A of mountains alpine
63%
B line in newspaper naming an article's author byline
58%
E to lure entice
56%
O rectangular oblong
50%
P Buddhist temple pagoda
50%
Z gentle breeze zephyr
46%
I obstruct, get in the way of impede
41%
M fine cotton fabric muslin
40%
C small pastry served at formal parties canapé
38%
V room attached to a church vestry
38%
R temporary custody pending trial remand
36%
T straw mat in Japanese houses tatami
26%
W Viennese Wiener
21%
F totally shambolic, messy, flop fiasco
19%
X sugar derived from xylan xylose
12%
Y female yogi yogini
12%
No matching quizzes found
Score Distribution
Percent of People with Each Score
Percentile by Number Answered
Your Score History
You have not taken this quiz since the last reset